Normal view
MARC view
- NABIL MUSTAFA
Entry Personal Name
001 - CONTROL NUMBER
- control field: 76482
003 - CONTROL NUMBER IDENTIFIER
- control field: NUST
005 - DATE AND TIME OF LATEST TRANSACTION
- control field: 20210628205646.0
008 - FIXED-LENGTH DATA ELEMENTS
- fixed length control field: 210628|| aca||aabn | a|a d
040 ## - CATALOGING SOURCE
- Original cataloging agency: NUST
- Transcribing agency: NUST
100 ## - HEADING--PERSONAL NAME
- Personal name: NABIL MUSTAFA
670 ## - SOURCE DATA FOUND
- Source citation: Work cat.: (NUST): NABIL MUSTAFA, PLASTICS WASTE MANAGEMENT DISPOSAL,RECYCLING AND REUSE, 1993
